Clinique de l'enfant : Psychothérapie et évaluation (notice n° 1925101)
[ vue normale ]
| 000 -LEADER | |
|---|---|
| fixed length control field | 01283cam a2200133 4500500 |
| 005 - DATE AND TIME OF LATEST TRANSACTION | |
| control field | 20260329023141.0 |
| 041 ## - LANGUAGE CODE | |
| Language code of text/sound track or separate title | fre |
| 042 ## - AUTHENTICATION CODE | |
| Authentication code | dc |
| 100 10 - MAIN ENTRY--PERSONAL NAME | |
| Personal name | Hachet, Amal |
| Relator term | author |
| 245 00 - TITLE STATEMENT | |
| Title | Clinique de l'enfant : Psychothérapie et évaluation |
| 260 ## - PUBLICATION, DISTRIBUTION, ETC. | |
| Name of publisher, distributor, etc. | Armand Colin,<br/> |
| Date of publication, distribution, etc. | 2011.<br/> |
| 520 ## - SUMMARY, ETC. | |
| Summary, etc. | À l’intersection des champs clinique, social et judiciaire, cet ouvrage est consacré à l’approche psychothérapique et à l’évaluation en clinique infantile. Les concepts théoriques fondamentaux en psychologie de l’enfant sont illustrés par des études de cas, dans des contextes cliniques variés : thérapeutique, scolaire et socio-judiciaire. Parallèlement, une réflexion est engagée au sujet de la pertinence de la politique actuelle, dominée par le diktat du « zéro de conduite » et l’obsession de « tout évaluer » : l’enfant, les soins et les soignants. Sur la base d’une riche pratique clinique et analytique auprès d’enfants, cet ouvrage répond aux besoins de ceux qui, dans le cadre de leurs études ou profession, sont confrontés aux troubles infantiles, tout en soulignant les enjeux éthiques liés à cette pratique. |
| 856 41 - ELECTRONIC LOCATION AND ACCESS | |
| Uniform Resource Identifier | <a href="https://shs.cairn.info/clinique-de-l-enfant--9782200254568?lang=fr&redirect-ssocas=7080">https://shs.cairn.info/clinique-de-l-enfant--9782200254568?lang=fr&redirect-ssocas=7080</a> |
Pas d'exemplaire disponible.




Réseaux sociaux